Sports Quiz

Random Sports or MLB Quiz

Strikeout Leaders by Decade Quiz Stats

Quiz Updated Jul 28, 2016

Also try: MLB Top 10 (2000s)
Challenge
Share
Tweet
Embed
Score 0/110 Timer 12:00
3 Plays Today
Years Players % Correct
2000sRandy Johnson
95.6%
1990sRandy Johnson
95.6%
1910sWalter Johnson
95%
1920sWalter Johnson
95%
1980sNolan Ryan
89.3%
1970sNolan Ryan
89.3%
1990sRoger Clemens
86.5%
1990sPedro Martínez
83.6%
2000sPedro Martínez
83.6%
1990sGreg Maddux
80.1%
1960sSandy Koufax
75.6%
1900sCy Young
74.5%
1990sJohn Smoltz
73.9%
2000sCurt Schilling
72.6%
1990sCurt Schilling
72.6%
1960sBob Gibson
68.9%
1970sTom Seaver
66.8%
1980sSteve Carlton
63.1%
1970sSteve Carlton
63.1%
1960sDon Drysdale
57.2%
1940sBob Feller
54%
2000sMike Mussina
52.5%
1990sKevin Brown
51.4%
1900sChristy Mathewson
51.1%
1950sWarren Spahn
49%
1970sPhil Niekro
48.9%
2000sCC Sabathia
48.6%
1980sJack Morris
46.2%
2000sAndy Pettitte
45.3%
1980sBert Blyleven
45%
1970sBert Blyleven
45%
1990sDavid Cone
44.7%
1930sLefty Grove
42.8%
1920sLefty Grove
42.8%
1960sJuan Marichal
42.5%
1970sFergie Jenkins
42.5%
1970sDon Sutton
42%
Years Players % Correct
1970sGaylord Perry
41.9%
2000sJohan Santana
40.6%
1950sSam Jones
39.8%
1980sFernando Valenzuela
39.3%
1970sVida Blue
38.9%
1910sPete Alexander
38.6%
1930sDizzy Dean
37.5%
2000sRoy Oswalt
33.3%
2000sBarry Zito
31.7%
1950sRobin Roberts
31.2%
1960sSam McDowell
31.1%
1930sLefty Gomez
31.1%
1980sDave Stieb
26.9%
1960sJim Bunning
24.9%
1930sCarl Hubbell
24.2%
1950sEarly Wynn
23.4%
1940sHal Newhouser
22.3%
1970sJerry Koosman
21.8%
1980sBob Welch
21.4%
1960sJim Kaat
21.3%
1990sChuck Finley
20.5%
1920sDazzy Vance
20%
1900sRube Waddell
19.4%
1900sEddie Plank
19%
1930sRed Ruffing
18.1%
1900sDoc White
17.6%
1900sVic Willis
15.7%
2000sJavier Vázquez
15.3%
1980sCharlie Hough
15.2%
1950sMike Garcia
13.6%
1980sMario Soto
12%
1940sAllie Reynolds
12%
1910sEddie Cicotte
11%
1900sJack Chesbro
10.7%
1920sBurleigh Grimes
10%
1950sBilly Pierce
9.6%
1940sDutch Leonard
8.8%
Years Players % Correct
1910sRube Marquard
8.6%
1940sMort Cooper
8.3%
1990sAndy Benes
7.5%
1960sJim Maloney
7.5%
1940sJohnny Vander Meer
7.5%
1920sRed Faber
7.5%
1960sCamilo Pascual
7.1%
1960sBob Veale
6.8%
1940sBobo Newsom
6.7%
1930sBobo Newsom
6.7%
1940sDizzy Trout
6.5%
1950sBob Turley
6.3%
1910sHippo Vaughn
5.5%
1940sVirgil Trucks
5.4%
1920sUrban Shocker
5.2%
1950sHarvey Haddix
4.8%
1980sFloyd Bannister
3.9%
1920sDolf Luque
3.4%
1930sPaul Derringer
3.4%
1930sTommy Bridges
3.1%
1920sGeorge Uhle
3%
1950sJohnny Antonelli
2.8%
1920sBob Shawkey
2.6%
1900sJack Powell
2.4%
1910sWillie Mitchell
2.4%
1900sBill Donovan
2.3%
1910sLefty Tyler
2.2%
1930sVan Mungo
2%
1920sHoward Ehmke
2%
1900sTom Hughes
1.8%
1950sBob Rush
1.5%
1940sKirby Higbe
1.4%
1910sClaude Hendrix
1.2%
1910sLarry Cheney
1.1%
1930sBump Hadley
1%
1910sBob Groom
1%

You're not logged in!

Compare scores with friends on all Sporcle quizzes.
Sign Up with Email
OR
Log In

You Might Also Like...

Show Comments

Extras

Top Quizzes Today


Score Distribution

Your Account Isn't Verified!

In order to create a playlist on Sporcle, you need to verify the email address you used during registration. Go to your Sporcle Settings to finish the process.